| 000 | 01922cam a22004574i 4500 | ||
|---|---|---|---|
| 003 | PE-LiUPU | ||
| 005 | 20250731172735.0 | ||
| 008 | 150617s r 000 0 d | ||
| 035 | _a(Sirsi) a11722 | ||
| 040 |
_aPE-LiUPU _bspa _cPE-LiUPU _erda |
||
| 049 | _aPRUA | ||
| 082 | 0 | 4 |
_a200.1 _bB39 _221 |
| 100 | 1 |
_aBerguer, Georges, _eautor. |
|
| 245 | 1 | 0 |
_aTraité de Psychologie de la Religion / _cGeorges Berguer. |
| 264 | 1 |
_aLausanne : _bLibrairie Payot, _c1946. |
|
| 300 |
_a364 páginas ; _c23 cm. |
||
| 336 |
_atext _2rdacontent |
||
| 337 |
_aunmediated _2rdamedia |
||
| 338 |
_avolume _2rdacarrier |
||
| 504 | _aIncluye bibliografía. | ||
| 505 | 0 | _aGénéralités -- Psychologie de la conversion soudanie -- Les conversions lentes ou processus sans crise -- Essai d'une hiérarchisation des conversions selon leur valeur psychologique -- Rapports de la vie religieuse et de la vie morale -- La foi: acte de foi et état de foi -- La prière -- Le tempérament mystique -- Le tempérament intellectualiste -- Le tempérament actif, volitionnel ou agnostique -- Tempéraments optimistes et pessimistes -- Retentissement du type sur les jugements de valeur et les doctrines religieuses. | |
| 526 | _aSEG42 | ||
| 526 | _aSEG41 | ||
| 526 | _aSEG40 | ||
| 526 | _aSEG39 | ||
| 526 | _aP94 | ||
| 526 | _aP87 | ||
| 526 | _aP86 | ||
| 526 | _aP85 | ||
| 526 | _aP77 | ||
| 526 | _aP76 | ||
| 526 | _aP35 | ||
| 650 | 0 | 4 | _aPsicología religiosa. |
| 910 |
_ajck _bjvq _cjck _d20150616 |
||
| 942 |
_2ddc _cBOOK |
||
| 949 |
_a200.1 B39 _wDEWEY _c1 _i54385 _lCCODEBUL1 _mBUL _p00.00 _r0 _sY _tBOOK _u19930830 _xTEOLOGIA _PP35 _0COMPRA _o.STAFF. Colección General |
||
| 994 |
_aC0 _bPEPRU |
||
| 596 | _a1 | ||
| 999 |
_a200.1 B39 _wDEWEY _c1901 _i54385 _f2021-11-11 _g5 _lCCODEBUL1 _mBUL _r0 _sY _tBOOK _u2015-6-17 _xTEOLOGIA _PP35 _0COMPRA _o.STAFF. Colección General _d1901 |
||
| 980 |
_81 _gALBERTO SANCHEZ Responsable de Automatización |
||